| 000 | 00660pam a2200193 a 4500 | ||
|---|---|---|---|
| 005 | 20260311201105.0 | ||
| 008 | 870818s1988 ilua b 001 0 eng | ||
| 020 |
_a0673397513 _qpbk. |
||
| 040 |
_aKABLIB _cKABLIB _erda |
||
| 082 | 0 | 0 |
_a320.6 _223 _bSTO |
| 100 | 1 |
_aStone, Deborah A. _915724 |
|
| 245 | 1 | 0 |
_aPolicy paradox and political reason / _cDeborah A. Stone. |
| 260 |
_aGlenview, Ill. : _bScott, Foresman, _cc1988. |
||
| 300 |
_axiii, 316 p. : _bill. ; _c23 cm. |
||
| 504 | _aIncludes bibliographical references, index. | ||
| 650 | 0 |
_aPolicy sciences _xEconomic aspects. _915725 |
|
| 650 | 0 |
_aPolitical planning _xEconomic aspects. _915726 |
|
| 942 |
_2ddc _cBOOK |
||
| 999 |
_c6184 _d6184 |
||